|
|
|
|
| LEADER |
00000nam a2200000 a 4500 |
| 001 |
vtls001434377 |
| 003 |
SK-MaSNL |
| 005 |
20260301150000.0 |
| 008 |
240314s2002 xo ace r yy 0 slo |
| 015 |
|
|
|a SNBA2002/11-03561
|
| 020 |
|
|
|a 8055102406
|
| 035 |
|
|
|a SNK000389454
|
| 035 |
|
|
|a urn:nbn:sk:snk-amyevn
|
| 035 |
|
|
|a urn:nbn:sk:snk-am00cf09
|
| 035 |
|
|
|a BB42F5E0-4DDA-4194-BECD-A822CBAED85E
|
| 040 |
|
|
|a SNK
|b slo
|c SNK
|e AACR2
|
| 041 |
0 |
|
|a slo
|
| 044 |
|
|
|a xo
|c SK
|
| 080 |
|
|
|a 77(035)
|2 1981
|
| 100 |
1 |
|
|a Bülow, Heinz von
|4 aut
|9 506534
|
| 240 |
1 |
0 |
|a Grundkurs digitale Fotografie
|l Slovensky
|
| 245 |
1 |
0 |
|a Základný kurz digitálnej fotografie
|b základy, vybavenie, možnosti
|c Heinz von Bülow ; [z nemeckého originálu preložil Vojtech Benedikovič]
|
| 260 |
|
|
|a Bratislava
|b Ikar
|c 2002
|
| 300 |
|
|
|a 80 s.
|b fareb. fotogr.
|c 27 cm
|
| 500 |
|
|
|a Údaj o prekl. prevzatý z rubu tit. strany
|
| 504 |
|
|
|a Slovník. Reg.
|
| 650 |
0 |
7 |
|a digitálna fotografia
|2 SNK
|9 20210
|
| 655 |
|
7 |
|a príručky
|2 SNK
|9 74364
|
| 700 |
1 |
|
|a Benedikovič, Vojtech
|4 trl
|9 300288
|
| 919 |
|
|
|a 80-551-0240-6
|
| 958 |
|
|
|a TL
|
| 958 |
|
|
|a DE
|
| 958 |
|
|
|a OP
|
| 968 |
|
|
|b DT
|
| 999 |
|
|
|c 782015
|d 783945
|
| 952 |
|
|
|t P60, <04>, [BOOK], {604}
|a SNK
|b SNK
|y VYP
|7 0
|p 17A0343845
|o snkSB 65031 D1
|i snkKSP 6088/2002
|0 0
|1 0
|4 0
|d 2002-05-21
|l 0
|r 2005-01-02 00:00:00
|w 2026-02-24
|
| 952 |
|
|
|t P60, <03>, [BOOK], {603}
|a SNK
|b SNK
|y PREZ
|7 0
|p 17A0343844
|o snkSB 65031
|i snkKSP 6087/2002
|0 0
|1 0
|4 0
|d 2002-05-21
|f 1
|l 0
|r 2017-06-30 00:00:00
|w 2026-02-24
|
| 952 |
|
|
|t snkBUL 77:004.9
|a SNKUST
|b SNKUST
|y PREZ
|7 0
|p 17A0356397
|o snkSB 65031 D2
|i snkK 1082/2002
|8 3
|0 0
|1 0
|4 0
|d 2002-09-13
|l 0
|r 2025-04-28 00:00:00
|w 2026-02-24
|